000 00277nam a2200109Ia 4500
008 230320s9999||||xx |||||||||||||| ||spa||
082 _a868.6/F38N
100 _aFernandez Flores, Wenceslao
245 0 _aLa Novela Numero 13
260 _bESPASA-CALPE ARGENTINA
942 _80
_cLIB
999 _c32180
_d32180